01298nam a2200373Ia 4500001000900000003000500009005001700014008004100031010001100072020002200083040000900105082003100114100002900145245008300174260004300257300001100300440001700311500003800328503000700366590002400373650003800397650002200435650004800457650004500505650002000550650003900570700003200609901003100641902000600672905006300678942001500741999001900756952014900775dia_6028CHAP20230323101829.0220117s2013 xx 000 0 und d a177215 a978-607-421-121-4 cCHAP a808.839352055 M87 T65 2013 aMurakami, Haruki9160491 aTokio blues : Norwegian wood /c Haruki Murakami ; traducción Lourdes Porta aMéxico :b Tusquets Editores,c2013 a381 p. aMaxi9160492 aTítulo original: Norwegian wood aC. aPL856.U673 T65 2013 aCollege studentsxFiction9160498 aFiction 9152751 aJapanese literaturex21st century 9160499 aLiteratura japonesaxSiglo XXI 9160500 aNovela 982011 aVida estudiantilxNovela 9160501 aPorta, Lourdes, tr.9160502 a808.839352055 M87 T65 2013 aA a5232272013 mx x 9222222332spa16 cLIBRO2ddc c177215d177215 00102ddc40708GRALaIA_bIA_d2022-01-18f1l1o808.839352055 M87 T65 2013pdia_009535r2025-02-03 13:36:53s2025-01-23t1w2022-01-18yLIBRO